000 00823nam a2200277 a 4500
008
020 _a9780750685634 (pbk.)
049 _aMAIN
090 _aTA357
_bTU
100 1 _aTu, Jiyuan.
245 1 0 _aComputational fluid dynamics :
_b a practical approach/
_cJiyuan Tu,Guan Heng Yeoh and Chaoqun Liu.
260 _aAmsterdam :
_bElesevier Inc.,
_c2008
300 _axv, 459 p. :
_bill. ;
_c24 cm.
500 _aIncludes index.
504 _aIncludes bibliographical references.
650 0 _aFluid dynamics.
650 _aTurbulence.
650 _aHeat
_vtransimission.
700 _aLiu, Chaoqun.
700 _aYeoh, Guan Heng.
907 _a.b10298071
_b26-07-12
_c09-06-11
003
005 20230123125310.0
040 _cNUST
942 _cBOOKS
_kTA357
_mTU
999 _c139115
_d139115